The Maktaba (Record no. 1179)
[ view plain ]
| 000 -LEADER | |
|---|---|
| fixed length control field | 00376nam a22001337a 4500 |
| 008 - FIXED-LENGTH DATA ELEMENTS--GENERAL INFORMATION | |
| fixed length control field | 230619b xxu||||| |||| 00| 0 eng d |
| 082 ## - DEWEY DECIMAL CLASSIFICATION NUMBER | |
| Classification number | 021 |
| Item number | KLA |
| 110 ## - MAIN ENTRY--CORPORATE NAME | |
| Subordinate unit | Kenya Library Association |
| 245 ## - TITLE STATEMENT | |
| Title | The Maktaba |
| Remainder of title | A journal of the Kemya Library Association |
| 260 ## - PUBLICATION, DISTRIBUTION, ETC. (IMPRINT) | |
| Place of publication, distribution, etc. | Nairobi, Kenya |
| Name of publisher, distributor, etc. | KLA |
| Date of publication, distribution, etc. | 2017 |
| 300 ## - PHYSICAL DESCRIPTION | |
| Extent | 186p |
| 440 ## - SERIES STATEMENT/ADDED ENTRY--TITLE | |
| Number of part/section of a work | No. 2 2017 |
| Volume/sequential designation | vol 6 |
| International Standard Serial Number | 02535971 |
| 942 ## - ADDED ENTRY ELEMENTS (KOHA) | |
| Source of classification or shelving scheme | Dewey Decimal Classification |
| Koha item type | Books |
| Withdrawn status | Lost status | Source of classification or shelving scheme | Damaged status | Not for loan | Home library | Current library | Date acquired | Total Checkouts | Full call number | Barcode | Date last seen | Copy number | Price effective from | Koha item type |
|---|---|---|---|---|---|---|---|---|---|---|---|---|---|---|
| Dewey Decimal Classification | County Hall Archives | County Hall Archives | 06/19/2023 | 021 KLA | 10015984 | 06/19/2023 | vol 6 | 06/19/2023 | Books | |||||
| Dewey Decimal Classification | County Hall Archives | County Hall Archives | 06/19/2023 | 021 KLA | 10015985 | 06/19/2023 | vol 6 | 06/19/2023 | Books | |||||
| Dewey Decimal Classification | County Hall Archives | County Hall Archives | 06/19/2023 | 021 KLA | 10015983 | 06/19/2023 | vol 6 | 06/19/2023 | Books |
